000
00452nam a2200145Ia 4500
008
090122s9999 xx 000 0 und d
082
_b
8653
_a
O155 : 9
100
_a
पेंडसे
_b
श्री
_c
ना
245
_a
एक मुक्त संवाद
600
_a
पेंडसे
630
_a
एक मुक्त संवाद
700
_a
पेंडसे
730
_a
एक मुक्त संवाद
942
_c
BOOK
999
_c
32730
_d
32730